000 00506nam a2200193Ia 4500
005 20250508161749.0
008 008 250505s9999 xx 000 0 hin d
037 _aTextual
040 _aFEDL
_beng
_cFEDL
041 _ahin
_2eng
084 _a370.954, IND
_qFEDL
245 0 _aBharat me shiksha. Vol 1
245 0 _cBharat Sarkar. Shiksha Mantralaya
260 _c1972
300 _aviii,337p.
650 _aEducation
942 _cTEXL
_h370.954, IND
999 _c1372026
_d1372026